Переработка литиеносного поликомпонентного гидроминерального сырья на основе его обогащения по литию: диссертация на соискание ученой степени доктора технических наук; спец. 05.17.02

Bibliografiset tiedot
Päätekijä: Рябцев А. Д. Александр Дмитриевич
Yhteisötekijät: Экостар-Наутех, Государственный специализированный проектный институт (ГСПИ) Новосибирский «ВНИПИЭТ»
Muut tekijät: Коцупало Н. П. Наталья Павловна (научный консультант)
Yhteenveto:Защищена 28.02.2011 г.
Kieli:venäjä
Julkaistu: Новосибирск, 2011
Aiheet:
Aineistotyyppi: Kirja
KOHA link:https://koha.lib.tpu.ru/cgi-bin/koha/opac-detail.pl?biblionumber=211579

MARC

LEADER 00000nbm0a2200000 4500
001 211579
005 20231101225705.0
035 |a (RuTPU)RU\TPU\book\231143 
035 |a RU\TPU\book\231142 
090 |a 211579 
100 |a 20120315j20110228k y0rusy50 ca 
101 0 |a rus 
102 |a RU 
105 |a a m 001zy 
200 1 |a Переработка литиеносного поликомпонентного гидроминерального сырья на основе его обогащения по литию  |e диссертация на соискание ученой степени доктора технических наук  |e спец. 05.17.02  |f А. Д. Рябцев  |g Экостар-Наутех ; Государственный специализированный проектный институт (ГСПИ), Новосибирский «ВНИПИЭТ» ; науч. конс. Н. П. Коцупало 
210 |a Новосибирск  |d 2011 
215 |a 349 л.  |c ил. 
300 |a Защищена 28.02.2011 г. 
320 |a Библиогр.: с. 331-348 (375 назв.). 
606 1 |a Литий соединения  |2 stltpush  |3 (RuTPU)RU\TPU\subj\32731  |9 55187 
610 1 |a литиеносное гидроминеральное сырье 
610 1 |a литий 
610 1 |a литиевая продукция 
610 1 |a гранулированные сорбенты 
610 1 |a получение 
610 1 |a безреагентное обогащение 
610 1 |a литиевые концентраты 
610 1 |a переработка 
610 1 |a металлический литий 
610 1 |a особо чистые соли 
610 1 |a попутное получение 
610 1 |a диссертации 
675 |a 661.83(04)  |v 3 
686 |a 05.17.02  |2 oksvnk 
700 1 |a Рябцев  |b А. Д.  |g Александр Дмитриевич 
702 1 |a Коцупало  |b Н. П.  |g Наталья Павловна  |4 695 
712 0 2 |a Экостар-Наутех  |c Закрытое акционерное общество  |c (Новосибирск)  |2 stltpush  |3 (RuTPU)RU\TPU\col\17874  |9 26826 
712 0 2 |a Государственный специализированный проектный институт (ГСПИ)  |b Новосибирский «ВНИПИЭТ»  |c Новосибирский проектно-изыскательский институт  |2 stltpush  |3 (RuTPU)RU\TPU\col\17875 
801 1 |a RU  |b 63413507  |c 20120315 
801 2 |a RU  |b 63413507  |c 20120322  |g RCR 
942 |c BK